Hydrodynamika prúdenia v medzerách s usmerneným tokom tekutiny pri premenlivom stúpaní skrutkovice

Enregistré dans:
Détails bibliographiques
Auteur principal: Bassadin, Mamadou (Auteur)
Format: Manuscrit Livre
Langue:slovaque
Publié: Bratislava : STU v Bratislave SjF, 1999
Tags: Ajouter un tag
Pas de tags, Soyez le premier à ajouter un tag!

MARC

LEADER 00000ntm a22000003a 4500
001 stu51239
005 20150617225705.8
008 991208s1999----xo------------------slo-d
040 |a STU  |b slo 
041 0 |a slo 
044 |a xo 
080 |a 532.54 
100 1 |a Bassadin, Mamadou  |4 aut 
245 1 |a Hydrodynamika prúdenia v medzerách s usmerneným tokom tekutiny pri premenlivom stúpaní skrutkovice 
260 |a Bratislava :  |b STU v Bratislave SjF,  |c 1999 
300 |a 130 s 
996 |c J*96237  |l JJST  |s P  |a 0  |w stu51239_0001